Statistiques concernant Focus sur: Mosag - Harry Potter

Cliquez ici pour prendre le quiz!

Statistiques générales

  • Ce quiz a été pris 23 fois
  • Le résultat moyen est 4 sur 5

Statistiques - réponses

Informations recherchéesRéponses% Correct
Première apparitionHarry Potter et la Chambre des Secrets
95%
"Époux"Aragog
86%
Lieu de rencontre avec Harry PotterForet interdite
86%
Maître (plus ou moins)Rubeus Hagrid
86%
EspèceAcromentule
68%

Distribution des résultats

Percentile par nombre de réponses

% des personnes avec chaque résultat

Votre développement - résultats

Vous n’avez pas pris ce quiz